000 02372nam0a2200385 4500
001 RU\NLR\bibl\1350135
005 20250615173412.0
010 _a978-5-9963-0021-1
_93000
021 _aRU
_b2009-6269
_9358
035 _a(nilc)RSL-KNO-004242651
035 _a(NLR Aleph) 001335233
090 _a825915
_c825915
100 _a20090225d2009 |||y0rusy50 ca
101 0 _arus
102 _aRU
105 _aa |||||||||
200 1 _aПродвижение сайтов в поисковых системах
_eспасательный круг для малого бизнеса
_fМ. Б. Зуев, П. А. Маурус, А. Г. Прокофьев
205 _a3-е изд.
210 _aМосква
_cБином. Лаб. знаний
_d2009
215 _a299 с.
_cил., портр.
_d17
606 1 _aПредпринимательство малое
_xМаркетинг
_92355146
_3RU\NLR\auth\661406795
610 0 _aКультура. Наука. Просвещение -- Информатика. Научно-информационная деятельность -- Теория научно-информационной деятельности -- Системы научной информации -- Автоматизированные и механизированные информационные системы -- Обеспечение работы автоматизированных и механизированных информационных систем -- Информационное обеспечение. Информационная база
610 0 _aКультура. Наука. Просвещение -- Информатика. Научно-информационная деятельность -- Хранение и поиск информации -- Поиск информации. Типы информационного поиска
686 _aЧ231.680.2,0
_2rubbk
686 _aЧ237.2,0
_2rubbk
686 _aУ5-361.4
700 1 _aЗуев
_bМ. Б.
_gМихаил Борисович
_4070
701 1 _aМаурус
_bП. А.
_gПавел Андреевич
_4070
701 1 _aПрокофьев
_bА. Г.
_gАнтон Георгиевич
_4070
801 0 _aRU
_bРКП
_c20090225
_grcr
801 1 _aRU
_bРГБ
_c20090225
801 2 _aRU
_bNLR
_c20090401
_grcr
942 _cBOOK
980 _aNB